Joshua : (Record no. 10284)

MARC details
000 -LEADER
fixed length control field 00999pam a2200277 a 4500
001 - CONTROL NUMBER
control field 3525123
003 - CONTROL NUMBER IDENTIFIER
control field GBCCL
005 - DATE AND TIME OF LATEST TRANSACTION
control field 20241126110729.0
008 - FIXED-LENGTH DATA ELEMENTS--GENERAL INFORMATION
fixed length control field 960613s1996 ilub bb 000 0 eng
010 ## -
-- 96026846
020 ## - INTERNATIONAL STANDARD BOOK NUMBER
International Standard Book Number 0830814337 (alk. paper)
020 ## - INTERNATIONAL STANDARD BOOK NUMBER
International Standard Book Number 0877842566 (pbk. : alk. paper)
040 ## - CATALOGING SOURCE
Original cataloging agency DLC
Transcribing agency DLC
Modifying agency DLC
050 00 -
-- BS1295.3
-- .H47 1996
082 00 - DEWEY DECIMAL CLASSIFICATION NUMBER
Classification number 220.7
-- 222/.207
Edition information 20
Item number TYN
100 1# - MAIN ENTRY--PERSONAL NAME
Personal name Hess, Richard S.
9 (RLIN) 6762
245 10 - TITLE STATEMENT
Title Joshua :
Remainder of title an introduction and commentary /
Statement of responsibility, etc. by Richard S. Hess.
260 ## - PUBLICATION, DISTRIBUTION, ETC.
Place of publication, distribution, etc. Downers Grove, Ill. :
Name of publisher, distributor, etc. InterVarsity Press,
Date of publication, distribution, etc. 1996.
300 ## - PHYSICAL DESCRIPTION
Extent 320 p. :
Other physical details maps ;
Dimensions 19 cm.
440 #0 - SERIES STATEMENT/ADDED ENTRY--TITLE
Title Tyndale Old Testament commentaries ;
Volume/sequential designation 6
9 (RLIN) 7330
504 ## - BIBLIOGRAPHY, ETC. NOTE
Bibliography, etc. note Includes bibliographical references.
630 00 - SUBJECT ADDED ENTRY--UNIFORM TITLE
Uniform title Bible.
Name of part/section of a work Joshua
General subdivision Commentaries.
9 (RLIN) 749
906 ## - LOCAL DATA ELEMENT F, LDF (RLIN)
a 7
b cbc
c orignew
d 1
e ocip
f 19
g y-gencatlg
942 ## - ADDED ENTRY ELEMENTS (KOHA)
Source of classification or shelving scheme Dewey Decimal Classification
Koha item type Books
Holdings
Withdrawn status Lost status Source of classification or shelving scheme Damaged status Not for loan Home library Current Library Shelving location Date acquired Total checkouts Full call number Barcode Date last seen Copy number Price effective from Koha item type
    Dewey Decimal Classification     GRACE BIBLE COLLEGE GRACE BIBLE COLLEGE Biblical Studies 2024-05-13   220.7 TYN 020455 2025-05-01 c.1 2024-05-13 Books
© Grace Bible College Library 2025